书目信息 |
| 题名: |
图说前蜀永陵
|
|
| 作者: | 王瑛 著 | |
| 分册: | ||
| 出版信息: | 重庆 重庆出版社 2006.05 |
|
| 页数: | 158页 | |
| 开本: | 23cm | |
| 丛书名: | 博古架丛书 | |
| 单 册: | ||
| 中图分类: | K878.8 | |
| 科图分类: | ||
| 主题词: | 墓葬 (考古)--mu zang(kao gu)--成都市--前蜀 (907-925)--通俗读物 | |
| 电子资源: | ||
| ISBN: | 7-5366-7715-4 | |
| 000 | 00964nam 2200253 450 | |
| 001 | 012007159547 | |
| 005 | 20070921090751.60 | |
| 010 | @a7-5366-7715-4@dCNY23.80 | |
| 100 | @a20070821d2006 km y0chiy0120 ea | |
| 101 | 0 | @achi |
| 102 | @aCN@b500000 | |
| 105 | @aa z 000yy | |
| 200 | 1 | @a图说前蜀永陵@Atu shuo qian shu yong ling@e仙乐飘起的殿堂@f王瑛著@Fwang ying zhu |
| 210 | @a重庆@c重庆出版社@d2006.05 | |
| 215 | @a158页@c图@d23cm | |
| 225 | 2 | @a博古架丛书@Abo gu jia cong shu@i古墓系列 |
| 330 | @a本书是一部图文并茂的通俗性考古学读本。它将我们带入成都前蜀皇帝王建的豪华地宫,去新身感受蜀宫夜宴的盛大乐宴,去聆听《花间词派》的浅唱低吟,去新近画堂墨宝的鸟语花香。 | |
| 410 | 0 | @12001 @a博古架丛书@i古墓系列 |
| 517 | 1 | @a仙乐飘起的殿堂@Axian yue piao qi de dian tang |
| 606 | 0 | @a墓葬 (考古)@Amu zang(kao gu)@y成都市@z前蜀 (907-925)@j通俗读物 |
| 690 | @aK878.8@v4 | |
| 701 | 0 | @a王瑛@Awang ying@4著 |
| 801 | 0 | @aCN@c20070921 |
| 905 | @dK878.8@eW442 | |
| 图说前蜀永陵:仙乐飘起的殿堂/王瑛著.-重庆:重庆出版社,2006.05 |
| 158页:图;23cm.-(博古架丛书.古墓系列) |
| ISBN 7-5366-7715-4:CNY23.80 |
| 本书是一部图文并茂的通俗性考古学读本。它将我们带入成都前蜀皇帝王建的豪华地宫,去新身感受蜀宫夜宴的盛大乐宴,去聆听《花间词派》的浅唱低吟,去新近画堂墨宝的鸟语花香。 |
| ● |
| 相关链接 |
|
|
|
正题名:图说前蜀永陵
索取号:K878.8/W442
 
预约/预借
| 序号 | 登录号 | 条形码 | 馆藏地/架位号 | 状态 | 备注 |
| 1 | 261723 | 202617230 | 社科库309/309社科库 9排2列6层/ [索取号:K878.8/W442] | 在馆 | |
| 2 | 261724 | 202617249 | 社科库309/309社科库 9排2列6层/ [索取号:K878.8/W442] | 在馆 | |
| 3 | 261725 | 202617258 | 社科库309/309社科库 9排2列6层/ [索取号:K878.8/W442] | 在馆 |